<?xml version="1.0" encoding="UTF-8"?><?xml-stylesheet type="text/xsl" href="static/style.xsl"?><OAI-PMH xmlns="http://www.openarchives.org/OAI/2.0/" xmlns:xsi="http://www.w3.org/2001/XMLSchema-instance" xsi:schemaLocation="http://www.openarchives.org/OAI/2.0/ http://www.openarchives.org/OAI/2.0/OAI-PMH.xsd"><responseDate>2026-04-17T03:44:16Z</responseDate><request verb="GetRecord" identifier="oai:www.recercat.cat:10459.1/64795" metadataPrefix="marc">https://recercat.cat/oai/request</request><GetRecord><record><header><identifier>oai:recercat.cat:10459.1/64795</identifier><datestamp>2024-12-05T22:13:10Z</datestamp><setSpec>com_2072_3622</setSpec><setSpec>col_2072_479130</setSpec></header><metadata><record xmlns="http://www.loc.gov/MARC21/slim" xmlns:dcterms="http://purl.org/dc/terms/" xmlns:xsi="http://www.w3.org/2001/XMLSchema-instance" xmlns:doc="http://www.lyncode.com/xoai" xsi:schemaLocation="http://www.loc.gov/MARC21/slim http://www.loc.gov/standards/marcxml/schema/MARC21slim.xsd">
   <leader>00925njm 22002777a 4500</leader>
   <datafield ind2=" " ind1=" " tag="042">
      <subfield code="a">dc</subfield>
   </datafield>
   <datafield ind2=" " ind1=" " tag="720">
      <subfield code="a">Lavega i Burgués, Pere</subfield>
      <subfield code="e">author</subfield>
   </datafield>
   <datafield ind2=" " ind1=" " tag="260">
      <subfield code="c">2018-10-01T09:40:47Z</subfield>
   </datafield>
   <datafield ind2=" " ind1=" " tag="260">
      <subfield code="c">2018-10-01T09:40:47Z</subfield>
   </datafield>
   <datafield ind2=" " ind1=" " tag="260">
      <subfield code="c">2018</subfield>
   </datafield>
   <datafield ind2=" " ind1=" " tag="520">
      <subfield code="a">Este artículo presenta los fundamentos teóricos necesarios para llevar a cabo una pedagogía de las conductas motrices en el contexto&#xd;
de una educación física moderna. La visión teórica se concreta con un ejemplo de aplicación educativa a través del juego tradicional de&#xd;
balón prisionero. El proceso educativo comporta: a) la selección de los efectos perseguidos; b) el análisis de la lógica interna del juego y&#xd;
sus posibles modificaciones; c) la identificación de conductas motrices a educar (de orientación relacional, cognitiva y emocional); d) la&#xd;
evaluación de las conductas motrices mediante diferentes recursos didácticos. Finalmente se describen las consecuencias pedagógicas&#xd;
de este planteamiento.</subfield>
   </datafield>
   <datafield ind2=" " ind1=" " tag="520">
      <subfield code="a">This article presents the necessary theoretical fundamentals to carry out a Pedagogy of Motor Conducts in the context of a modern Physical&#xd;
Education. The theoretical vision is concretized with an example of educational application through the traditional game of prisoner ball&#xd;
(Dodge Ball). The process involves: a) The selection of the intended effects; b) The analysis of the internal logic of the game and its possible&#xd;
modifications; c) The identification of motor conducts to be educated (relational, cognitive and emotional orientation); d) The evaluation&#xd;
of the motor conducts through different didactic resources. Finally, the article describes the pedagogical consequences of this approach.</subfield>
   </datafield>
   <datafield ind2=" " ind1=" " tag="520">
      <subfield code="a">Cet article présente les fondements théoriques nécessaires à la réalisation d’une pédagogie de conduites motrices dans le cadre d’une&#xd;
éducation physique moderne. La vision théorique se concrétise avec un exemple d’application pédagogique à travers le jeu sportif&#xd;
traditionnel de la Balle Prisonnier. Le processus implique : a) la sélection des effets prévus ; b) l’analyse de la logique interne du jeu et ses&#xd;
modifications possibles ; c) la identification des conduites motrices à éduquer (orientation relationnelle, cognitive et émotionnelle) ; d)&#xd;
l’évaluation des conduites motrices à travers différentes ressources didactiques. Finalement, les conséquences pédagogiques de cette&#xd;
approche sont décrites.</subfield>
   </datafield>
   <datafield ind1="8" ind2=" " tag="024">
      <subfield code="a">http://hdl.handle.net/10459.1/64795</subfield>
   </datafield>
   <datafield tag="653" ind2=" " ind1=" ">
      <subfield code="a">Lógica interna</subfield>
   </datafield>
   <datafield tag="653" ind2=" " ind1=" ">
      <subfield code="a">Dominios de acción motriz</subfield>
   </datafield>
   <datafield tag="653" ind2=" " ind1=" ">
      <subfield code="a">Conducta motriz</subfield>
   </datafield>
   <datafield tag="653" ind2=" " ind1=" ">
      <subfield code="a">Evaluación</subfield>
   </datafield>
   <datafield ind2="0" ind1="0" tag="245">
      <subfield code="a">Educar conductas motrices: reto necesario para una educación física moderna</subfield>
   </datafield>
</record></metadata></record></GetRecord></OAI-PMH>